Kursus induksi umum kategori IDC 17-20 April 2000 [

Bibliographic Details
Format: Book
Published: Bangi : Inspen , 2000
Subjects:

MARC

LEADER 00000cam a2200000 7i4500
001 0000018141
005 20061205.0
040 |a INS 
090 0 0 |a HF5549.5 2000 
245 0 0 |a Kursus induksi umum kategori IDC 17-20 April 2000 [  |h video recording] 
260 |a Bangi :   |b Inspen ,   |c 2000 
300 |a 1 Video cassette (VHS) (0:20) :   |b sd.,col. ;   |c 1/2 in. 
650 0 0 |a Employees   |x training of 
999 |a VHS861   |b VIDEO   |c Media Collection   |e Default branch